000 00629nam a2200193Ia 4500
003 GCL
008 140319s9999 xx 000 0 ara d
020 _a?025968977
040 _aGCL /
_cGCL
082 0 4 _a811.008
_bس ا
100 1 _aسميح القاسم
245 1 0 _aارض مراوغة حرير كاسد لا باس /
_cسميح القاسم
260 _aالقاهرة :
_bالمؤسسة العربية للثقافة والعلوم
300 _a96 ص ؛
_c20 سم
650 0 4 _aالشعر العربى
650 0 4 _aالادب العربى
650 0 4 _aالشعر العربى - مجموعات
942 _2ddc
_cBK
999 _c1457
_d1457